MDQL
is popping MORE tags! Check the
thread
!
Quizzes
Events
Quiz Creation
Community
Videos
Private Events
Remove Ads
Sign In
Join for FREE
Feedback
Dark Mode
Quiz Categories
Sports
Geography
Music
Movies
Television
Just For Fun
Miscellaneous
History
Literature
Language
Science
Gaming
Entertainment
Religion
Holiday
For Kids
Quiz Lab
Recent
Popular Today
Quiz Kudos Today
Editor Picks
Curator Picks
Quizzes by...
Day
Popularity
Type
Ratings
Length
Year
Community
Subscriptions
Recent Discussions
Orange Saloon
Badges
Playlists
Quests
Create
Leaderboards
Showdown
Live 5
Trivia Bingo
Activity
Puzzle Library
Sporcle Events
Private Events
Virtual Trivia
Globe League
Become a Host
Pub Owners
SporcleCon
Opinionation
Our Games
Videos
Blog
Mobile Apps
Partnerships
Remove Ads and Go Orange
Feedback
Music
Pop Music
The Beatles
Song
Album
Lyrics
Bands
Singers
Artist
Clip
Rock
Rap
Classical
Billboard
Country Music
Kpop
Taylor Swift
Music
Pop Music
The Beatles
Song
Album
Lyrics
Bands
Singers
Artist
Clip
Rock
Rap
Classical
Billboard
Country Music
Kpop
Taylor Swift
Random Quiz
Search Sporcle
×
Quiz Lab
Quiz Lab
Music
Lyrics
Type in answers that appear in a list
Type in answers that appear in a list
Classic
Best Score? Go Orange.
Panic! At the Disco Lyrics Quiz Stats
Can you name the Panic! At the Disco Song From A Given Lyric?
By
wafflespancakes
8m
20 Questions
320 Plays
320 Plays
320 Plays
Comments
Comments
Give Quiz Kudos
Give Quiz Kudos
-
- Ratings
hide this ad
Random Order
Randomize order of answers
Randomize order of answers
Replay
Link that replays current quiz
Next Quiz
Link to next quiz in quiz playlist
You Got
0%
They Got
Avg Score
47%
Avg Friend Score
Upgrade to see
Score Distribution
Jump to the score distribution portion of the page
Score
0/20
Timer
08:00
0
Plays Today
Lyric
Song
% Correct
The cut of your love never hurts, baby, it's a sweet butter knife
Crazy=Genius
73.4%
That virgin, yes, the one the lawyer met with on 'strictly business'
Build God, Then We'll Talk
70%
You are taking me apart like bad glue on a 'get well' card
Always
61.6%
Those thoughts of past lovers, they'll always haunt me
House of Memories
60%
I hope you didn't expect to get all of the attention
Lying Is the Most Fun a Girl Can Have Without Taking Her Clothes Off
58.8%
Just a beachfront of bad blood and a coast that's unclear
Impossible Year
57.2%
The camera caught you causing a commotion on the gurney again
Camisado
55%
When I look in her eyes, I just see the sky
She Had the World
53.8%
Pray I could replace her, forget the way her tears taste
The Calendar
50.6%
Make room, we're taking over here
Let's Kill Tonight
47.5%
Lyric
Song
% Correct
Stop stalling, make a name for yourself
London Beckoned Songs About Money Written by Machines
46.6%
Should have known right from the start you can't predict the end
Memories
45.9%
Whether near or far, I am always yours
The End of All Things
44.7%
We're bored with looking good
Vegas Lights
37.2%
'Hey Mister!' the Bell Man says
Mercenary
35.9%
If you're going, then go!
From a Mountain In the Middle of the Cabins
35%
Everything I promised everyone I'd be, well I just ain't
Oh Glory
33.4%
I can't prove this makes any sense, but I sure hope that it does
The Piano Knows Something I Don't Know
32.2%
All the secrets that you keep might get spoken while you sleep
All The Boys
28.8%
Fought resistance nearly my entire life
Can't Fight Against the Youth
19.4%
Quiz Playlist
Details
Report
Send in Message
Add To Playlist
Classic:
Type in answers that appear in a list
Random Order:
Randomize order of answers
Last Updated: Jul 2, 2017
Quiz Scoreboard
CHALLENGE
Sign Up to Join the Scoreboard
Show All
Scores
Hide
Comments
May contain spoilers
Recently Published
Holiday 10x10 Sorting Gallery
by lukepisani3
Holiday
15m
Two Season TV Shows II
by 123Four
Television
10m
Image Sorting: Flags VI
by Barbecue
Geography
2m
More to Explore
Quiz From the Vault
Featured Blog Post
14 Easter Pick-up Lines to Find Eggs With
hide this ad
You Might Also Like...
Tags
Lyrics Quiz
Song Quiz
Panic! At the Disco
Song Title
Today's Top Quizzes in Music
Browse Music
hide this ad
Today's Top Quizzes in Lyrics
Browse Lyrics
Top Contributed Quizzes in Music
1
5X2 Blitz: Bands II
2
5X2 Blitz: The Beatles
3
Taylor Swift All Songs (2024)
4
5X2 Blitz: Billboard
5
5X2 Blitz: Billboard II
6
Music Artist by Three 2010s hits
7
5X2 Blitz: Album
8
5X2 Blitz: Rock
9
5X2 Blitz: Singers
10
5X2 Blitz: Lyrics
Explore More
Trending Topics
Anime
Disney
Marvel
Harry Potter
Kpop
NBA
Crossword
Pokémon
Country
Soccer
WWE
Puzzle
NFL
The Office
Song
hide this ad
More By:
wafflespancakes
Quiz
Plays
Rating
Category
Featured
Created
AJR Songs by Lyric - Neotheater
366
3.00
Music
Sep 12, 2019
Imagine Dragons Songs by Lyrics
362
5.00
Music
Dec 27, 2017
Panic! At the Disco Lyrics Quiz
320
Music
Jul 2, 2017
AJR Songs by Lyric - The Click
291
4.00
Music
Oct 17, 2019
Guess the 'A Fever You Can't Sweat Out' Song by Lyric
158
4.00
Music
Mar 3, 2019
Go to Creator's Profile
Score Distribution
Quiz Creator Spotlight
wafflespancakes
Follow
Send a Message
Quizzes Created
-
Created Quiz Play Count
-
More By This Creator
Popular Quizzes Today
1
Find the US States - No Outlines Minefield
2
Colored Red Africa Blitz
3
Find the 'City' Movie
4
The Countries of the World
5
5x2 Blitz: Bands
6
Find the Countries of Europe - No Outlines Minefield
7
Find the US States
8
US States
More Music Quizzes
Pick the 1970s Song
Quiz Lab
Trending Quizzes
Colored Red Europe Blitz I
Colored Red Africa Blitz II
Colored Red Europe Blitz II
Even More Two Season TV Shows
Colored Red Africa Blitz III
Recently Updated
Odd Team Out - Big 4 Players
pecheneg
Quick Pick: 20 Twenties
pecheneg
March Madness Men's Triple Doubles
pecheneg
How Do You Spell That?
pecheneg
Godzilla Movies
pecheneg
Grab Bag: 4-10 Letters
pecheneg
2024 March Madness Bracket
pecheneg
Famous TV Couples
Peacemaker
Champions League XIs: Real Madrid
pecheneg
Largest US Cities 1790-2010
pecheneg
Trending Topics
Anime
Marvel
Harry Potter
Disney
Kpop
Crossword
NBA
Country
Puzzle
Soccer
NFL
The Office
Pokémon
WWE
Song
Your Account Isn't Verified!
In order to create a playlist on Sporcle, you need to verify the email address you used during registration. Go to your
Sporcle Settings
to finish the process.
Report this User
Report this user for behavior that violates our
Community Guidelines
.
Details:
Send Report
Go to the Sporcle.com Mobile Site →
Comments